Normal view
MARC view
Entry Personal Name
001 - CONTROL NUMBER
- control field: 32100
003 - CONTROL NUMBER IDENTIFIER
- control field: ARRUPE
005 - DATE AND TIME OF LATEST TRANSACTION
- control field: 20170602122643.0
008 - FIXED-LENGTH DATA ELEMENTS
- fixed length control field: 170602|| aca||aabn | a|a d
040 ## - CATALOGING SOURCE
- Original cataloging agency: ARRUPE
- Transcribing agency: ARRUPE
100 ## - HEADING--PERSONAL NAME
- Personal name: Okumu, Washington A. J.
- Fuller form of name: (Washington A. Jalango)
670 ## - SOURCE DATA FOUND
- Source citation: Work cat.: (ARRUPE)94582: Okumu, Washington A. J. (Washington A. Jalango), The African renaissance :, c2002.